000 00780cab a2200241 4500
001 WB3037-34
008 090401t1994 xxu||||| |||| 00| 0 eng d
035 _a(Sirsi) u61932
041 _aeng
245 _aMoD abandons plans for housing trust
260 _c1994
350 _a0
490 _aFinancial Times
_v6 October 1994, 13(1)
520 _aThe MoD has abandoned plans to privatise £3.5bn worth of housing stock by setting up a non-profit trust but has appointed NatWest Markets, the investment banking arm of the bank, to advise on new options.
650 _aDOMESTIC PROPERTY
650 _aHOUSING STOCK
650 _aHOUSING TRUSTS
650 _aMINISTRY OF DEFENCE
650 _aPRIVATISATION
690 _aHOUSING
942 _n0
948 _c04/03/1997
999 _c38423
_d38423